Razbojnik Karmeljuk : istoričeskij roman /

Main Author: Staryc'kyj, Mychajlo, 1840-1904
Language: Russian
Published: Kyjiv : Dnipro, 1965
Series: Staryc'kyj, Mychajlo, 1840-1904. Tvory u 8 tomach
Physical Description: 801 s.
Language note: Ruský text
Book
Saved in:
LEADER 00713nam a22002292a 4500
001 001316952
003 CZ BrMZK
005 20130809112909.0
007 ta
008 130809s1965 un er|||||||||||rus d
040 |a BOA001  |b cze 
100 1 |a Staryc'kyj, Mychajlo,  |d 1840-1904  |7 js20010125024  |4 aut 
245 1 0 |a Razbojnik Karmeljuk :  |b istoričeskij roman /  |c Michailo Starickij 
260 |a Kyjiv :  |b Dnipro,  |c 1965 
300 |a 801 s. 
490 1 |a Tvory u 8 tomach ;  |v tom 6 
546 |a Ruský text 
800 1 |a Staryc'kyj, Mychajlo,  |d 1840-1904.  |t Tvory u 8 tomach 
910 |a BOA001  |b 2-0611.029 
990 |a BK 
991 |b 201308 
996 7 |b 2619004418  |c 2-0611.029  |l HP2  |r DEN  |n 0  |w 001352061  |u 000010  |a 1  |e BOA001  |j MZK50  |s A